Critical reasoning and the art of argumentation (Record no. 122590)
[ view plain ]
| 000 -LEADER | |
|---|---|
| fixed length control field | 00496nam a22001577a 4500 |
| 008 - FIXED-LENGTH DATA ELEMENTS--GENERAL INFORMATION | |
| fixed length control field | 150408b xxu||||| |||| 00| 0 eng d |
| 050 ## - LIBRARY OF CONGRESS CALL NUMBER | |
| Classification number | LB1379.U58C934 |
| 100 ## - MAIN ENTRY--PERSONAL NAME | |
| Personal name | UNISA |
| 9 (RLIN) | 16957 |
| 245 ## - TITLE STATEMENT | |
| Title | Critical reasoning and the art of argumentation |
| Statement of responsibility, etc | /by UNISA |
| 260 ## - PUBLICATION, DISTRIBUTION, ETC. (IMPRINT) | |
| Place of publication, distribution, etc | Pretoria |
| Name of publisher, distributor, etc | University of South Africa |
| Date of publication, distribution, etc | 2005 |
| 300 ## - PHYSICAL DESCRIPTION | |
| Extent | xi,133p. ; |
| Dimensions | 30cm. |
| 650 ## - SUBJECT ADDED ENTRY--TOPICAL TERM | |
| Topical term or geographic name as entry element | Teacher training |
| General subdivision | Manuals |
| 9 (RLIN) | 16958 |
| 650 ## - SUBJECT ADDED ENTRY--TOPICAL TERM | |
| Topical term or geographic name as entry element | Logic |
| 9 (RLIN) | 16969 |
| 700 ## - ADDED ENTRY--PERSONAL NAME | |
| Personal name | Van Den Berg, M.E.S. |
| 9 (RLIN) | 16970 |
| 942 ## - ADDED ENTRY ELEMENTS (KOHA) | |
| Source of classification or shelving scheme | Library of Congress Classification |
| Item type | Monograph ( Printed materials) |
| Withdrawn status | Lost status | Source of classification or shelving scheme | Damaged status | Not for loan | Collection code | Home library | Current library | Shelving location | Date acquired | Total Checkouts | Full call number | Barcode | Date last seen | Date last borrowed | Price effective from | Koha item type |
|---|---|---|---|---|---|---|---|---|---|---|---|---|---|---|---|---|
| Library of Congress Classification | Main Collection | ARRUPE LIBRARY | ARRUPE LIBRARY | Main Collection | 08/04/2015 | 1 | LB1739.U58C934 | 46500002535 | 07/08/2019 | 08/07/2019 | 08/04/2015 | Monograph ( Printed materials) |